Martin Heidegger - Tác phẩm triết học

保存先:
書誌詳細
第一著者: Heidegger, Martin
その他の著者: Trần Công Tiến, Trần Xuân Kiêm, Phạm Công Thiện Trương Đăng Dung Quang Chiến (Dịch, Giới thiệu)
フォーマット: 図書
言語:Vietnamese
出版事項: Đại học sư phạm 2004
タグ: タグ追加
タグなし, このレコードへの初めてのタグを付けませんか!
Thư viện lưu trữ: Mạng thư viện Đại học Đà Nẵng
LEADER 00905nam a2200265 4500
001 000020982
003 17429
005 20150331150350.0
008 150331s2004 viesd
020 |c 29000 
041 0 |a vie 
082 1 4 |a 193  |b HE-M 
100 1 |a Heidegger, Martin 
245 1 0 |a Martin Heidegger - Tác phẩm triết học  |c Martin Heidegger ; Trần Công Tiến, Trần Xuân Kiêm, Phạm Công Thiện, Trương Đăng Dung dịch ; Quang Chiến giới thiệu 
260 |b Đại học sư phạm  |c 2004 
300 |a tr.  |c cm. 
700 1 |a Trần Công Tiến,  |a Trần Xuân Kiêm,  |a Phạm Công Thiện  |a Trương Đăng Dung  |a Quang Chiến  |e Dịch  |e Giới thiệu 
OWN |a LSP 
999 |a From the UDN01 
TYP |a Monograph 
TYP |a Printed language 
980 |a Mạng thư viện Đại học Đà Nẵng